000 00728nam a2200145Ia 4500
008 100122s9999 xx 000 0 und d
082 _b68397
_a928.08
100 _aजोशी रत्नप्रभा रविंद्र
245 _aजीवनसाथींच्या नजरेतून साहित्यिकांचे अंतरंग
260 _bरोहन प्रकाशन
_c2005
300 _a221
630 _aजीवनसाथींच्या नजरेतून साहित्यिकांचे अंतरंग
730 _aजीवनसाथींच्या नजरेतून साहित्यिकांचे अंतरंग
942 _cBOOK
999 _c440064
_d440061